Autoridad social y programas sociales masivos una alternativa para la Política Social /
Guardado en:
| Autor principal: | |
|---|---|
| Autores Corporativos: | , |
| Otros Autores: | |
| Formato: | Texto |
| Publicado: |
s.l.:
ILPES
|
| Etiquetas: |
Agregar Etiqueta
Sin Etiquetas, Sea el primero en etiquetar este registro!
|
MARC
| LEADER | 00000 a a2200000 04500 | ||
|---|---|---|---|
| 001 | 25390 | ||
| 003 | |||
| 040 | |a CRAI/IIS |c CRAI/IIS | ||
| 090 | |a 181600 | ||
| 100 | |a Franco, Rolando | ||
| 110 | |a Programa Conjunto sobre Políticas Sociales para América Latina | ||
| 245 | |a Autoridad social y programas sociales masivos una alternativa para la Política Social / |c Programa Conjunto sobre Políticas Sociales para América Latina | ||
| 260 | |a s.l.: |b ILPES | ||
| 300 | |a 35 p | ||
| 700 | |a Cohen, Ernesto |a Dolores Rufián | ||
| 710 | |a PROPOSAL |a ILPES |a OEA | ||
| 999 | |c 13045 |d 13045 | ||
